| 000 | 03897nam a22005535i 4500 | ||
|---|---|---|---|
| 001 | 978-3-319-50508-4 | ||
| 003 | DE-He213 | ||
| 005 | 20210118143851.0 | ||
| 007 | cr nn 008mamaa | ||
| 008 | 170209s2017 gw | s |||| 0|eng d | ||
| 020 |
_a9783319505084 _9978-3-319-50508-4 |
||
| 024 | 7 |
_a10.1007/978-3-319-50508-4 _2doi |
|
| 050 | 4 | _aQA76.9.C62 | |
| 072 | 7 |
_aUMB _2bicssc |
|
| 072 | 7 |
_aCOM036000 _2bisacsh |
|
| 072 | 7 |
_aUMB _2thema |
|
| 072 | 7 |
_aUYF _2thema |
|
| 082 | 0 | 4 |
_a004 _223 |
| 100 | 1 |
_aKneusel, Ronald T. _eauthor. _4aut _4http://id.loc.gov/vocabulary/relators/aut |
|
| 245 | 1 | 0 |
_aNumbers and Computers _h[electronic resource] / _cby Ronald T. Kneusel. |
| 250 | _a2nd ed. 2017. | ||
| 264 | 1 |
_aCham : _bSpringer International Publishing : _bImprint: Springer, _c2017. |
|
| 300 |
_aXIII, 346 p. 68 illus., 12 illus. in color. _bonline resource. |
||
| 336 |
_atext _btxt _2rdacontent |
||
| 337 |
_acomputer _bc _2rdamedia |
||
| 338 |
_aonline resource _bcr _2rdacarrier |
||
| 347 |
_atext file _bPDF _2rda |
||
| 505 | 0 | _aNumber Systems -- Integers -- Floating Point -- Pitfalls of Floating-Point Numbers (and How to Avoid Them) -- Big Integers and Rational Arithmetic -- Fixed-Point Numbers -- Decimal Floating Point -- Interval Arithmetic -- Arbitrary Precision Floating-Point -- Other Number Systems. | |
| 520 | _aThis is a book about numbers and how those numbers are represented in and operated on by computers. It is crucial that developers understand this area because the numerical operations allowed by computers, and the limitations of those operations, especially in the area of floating point math, affect virtually everything people try to do with computers. This book aims to fill this gap by exploring, in sufficient but not overwhelming detail, just what it is that computers do with numbers. Divided into two parts, the first deals with standard representations of integers and floating point numbers, while the second examines several other number representations. Details are explained thoroughly, with clarity and specificity. Each chapter ends with a summary, recommendations, carefully selected references, and exercises to review the key points. Topics covered include interval arithmetic, fixed-point numbers, big integers and rational arithmetic. This new edition has three new chapters: Pitfalls of Floating-Point Numbers (and How to Avoid Them), Arbitrary Precision Floating Point, and Other Number Systems. This book is for anyone who develops software including software engineers, scientists, computer science students, engineering students and anyone who programs for fun. | ||
| 650 | 0 | _aArithmetic and logic units, Computer. | |
| 650 | 0 | _aNumerical analysis. | |
| 650 | 1 | 4 |
_aArithmetic and Logic Structures. _0http://scigraph.springernature.com/things/product-market-codes/I12026 |
| 650 | 2 | 4 |
_aNumeric Computing. _0http://scigraph.springernature.com/things/product-market-codes/I1701X |
| 710 | 2 | _aSpringerLink (Online service) | |
| 773 | 0 | _tSpringer eBooks | |
| 776 | 0 | 8 |
_iPrinted edition: _z9783319505077 |
| 776 | 0 | 8 |
_iPrinted edition: _z9783319505091 |
| 776 | 0 | 8 |
_iPrinted edition: _z9783319844152 |
| 856 | 4 | 0 | _uhttps://doi.org/10.1007/978-3-319-50508-4 |
| 912 | _aZDB-2-SCS | ||
| 999 |
_c451311 _d451311 |
||
| 942 | _cEB | ||
| 506 | _aAvailable to subscribing member institutions only. Доступно лише організаціям членам підписки. | ||
| 506 | _fOnline access from local network of NaUOA. | ||
| 506 | _fOnline access with authorization at https://link.springer.com/ | ||
| 506 | _fОнлайн-доступ з локальної мережі НаУОА. | ||
| 506 | _fОнлайн доступ з авторизацією на https://link.springer.com/ | ||